Іловайськ (Запис № 17531)

000 -Маркер запису
Контрольне поле сталої довжини 01987nam a22002537a 4500
003 - Належність контрольного номера
Контрольне поле Uzh_bibl
008 - Кодовані дані
Контрольне поле сталої довжини 260427b |||||||| |||| 00| 0 ukr d
020 ## - Індекс ISBN
ISBN 978-966-03-7358-7
Ціна 85.00
040 ## - Джерело каталогіз.
Код мови каталог. укр.
041 ## - Код мови видання
Код мови оригіналу українська
Код мови тексту українська
080 ## - Індекс УДК
Індекс УДК 821(477)
090 ## - Шифри
Поличний індекс 821(477)
Авторський знак П 52
100 ## - Автор
Автор Положій, Євген
245 ## - Назва
Назва Іловайськ
Відповідальність худ.-оформ. В.А. Боднар.
Фізичний носій Текст
260 ## - Вихідні дані
Місце видання Харків
Видавництво Фоліо
Дата видання 2016
300 ## - Фізичний опис
Обсяг 378 с.
Тип одиниці В опр.
520 ## - Анотація
Анотація Євген Положій (м. Суми), 47 років - відомий журналіст і письменник. У видавництві "Фоліо" вийшли його романи "Потяг", "Мері та її аеропорт", "Дядечко на ім'я Бог", "Вежі мовчання", "Юрій Юрійович, улюблинець жінок", "Риб'ячі діти". "Іловайськ" - книга про мужність неймовірний героїзм і людяність українських солдат і офіцерів, бійців добровольчих батальйонів, батальйонів тероборони, всіх тих, хто опиняється в кінці серпня 2014 року в "Іловайському котлі", що став найбільшою поразкою української армії в ході війни на сході. Це чесна книга про війну, яка, як відомо, нікого ще не зробила краще, натомість, серед крові, вогню та заліза люди залишаються людьми
521 ## - Примітка про цільове призначення
Примітка про цільове призначення Для широкого кола читачів
546 ## - Примітка про мову
Примітка про мову укр.
650 ## - Тематичні рубрики
Основна рубрика Літературно-художнє видання
653 ## - Ключові слова
Ключові слова Майдан
-- Війна
-- Іловайськ
655 ## - Термін індексування — жанр/форма
Жанр/форма Проза
Типове ділення Роман
Хронологічне ділення 21ст. Україна
942 ## - ADDED ENTRY ELEMENTS (KOHA)
Джерело класифікації чи схема поличного розташування
Koha item type Книги
Фонди
Статус вилучення Статус втрати/відсутності Джерело класифікації чи схема поличного розташування Статус пошкодження Тип обігу (не для випозичання) Постійне розташування Поточне розташування Розташування у відділі Дата надходження Інвентарний номер Total Checkouts Повний (примірниковий) шифр зберігання Штрих-код Date last seen Дата, для якої чинна ціна заміни Тип одиниці (рівень примірника)
          Бібліотека-філія №3 Бібліотека-філія №3 Абонемент старший відділ 27/04/2026 67773   821(477) 4168 27/04/2026 27/04/2026 Книги

Працює на АБІС Коха